| 000 | 01109cam a2200349 a 4500 | ||
|---|---|---|---|
| 001 | 2443 | ||
| 003 | FISKH | ||
| 005 | 20250828155232.0 | ||
| 008 | 881128t19891937nyua j 000 1 eng | ||
| 010 | _a 88038411 | ||
| 020 | _a0394944941 (lib. bdg.) | ||
| 020 | _a0394844947 (hard) | ||
| 020 | _a9780394844947 | ||
| 040 |
_aDLC _cDLC _dDLC _beng |
||
| 042 | _alcac | ||
| 050 | 0 | 0 |
_aPZ8.3.G276 _bAn 1989 |
| 082 | 0 | 0 |
_a[E] _219 |
| 100 | 1 |
_aSeuss, _cDr. |
|
| 245 | 1 | 0 |
_aAnd to think that I saw it on Mulberry Street / _cby Dr. Seuss. |
| 250 | _aPublished in 1989 | ||
| 260 |
_aNew York : _bRandom House, _c1937 |
||
| 300 |
_a38 unnumbered pages : _bcolor illustrations ; _c29 cm |
||
| 500 | _a"A Vanguard Press book." | ||
| 505 | _aJ | ||
| 520 | _aA boy imagines a series of incredible sights on his way home from school so that he will have an interesting report to give his father. | ||
| 521 | 8 |
_a500
_bLexile |
|
| 521 | 8 |
_aJ
_bRaz-Plus |
|
| 650 | 1 |
_aImagination _xFiction. |
|
| 650 | 1 | _aStories in rhyme. | |
| 906 |
_a7 _bcbc _corignew _d1 _eocip _f19 _gy-gencatlg |
||
| 942 |
_2ddc _cBK _n0 |
||
| 999 |
_c2443 _d2443 |
||